Histoire du drapeau de Sao-Tomé-et-Principe - Statistiques

Statistiques générales
  • Ce quiz a été pris 6 fois
  • Le résultat moyen est 4 sur 7
Statistiques - réponses
Hint Réponse % Correct
Sao-Tomé-et-Principe (drapeau actuel depuis 1975)
100%
Sixième drapeau de la colonie portugaise de Sao-Tomé-et-Principe (1910-1975)
83%
Cinquième drapeau de la colonie portugaise de Sao-Tomé-et-Principe (1834-1910)
67%
Quatrième drapeau de la colonie portugaise de Sao-Tomé-et-Principe (1816-1826)
50%
Troisième drapeau de la colonie portugaise de Sao-Tomé-et-Principe (1750-1816)
33%
Premier drapeau de la colonie portugaise de Sao-Tomé-et-Principe (1667-1706)
33%
Deuxième drapeau de la colonie portugaise de Sao-Tomé-et-Principe (1706-1750) et cinquième drapeau de la colonie portugaise de Sao-Tomé-et-Principe (1826-834)
17%
Aucun quiz correspondant
Distribution des résultats
% des personnes avec chaque résultat
Percentile par nombre de réponses
Votre historique - résultats
Vous n’avez pas pris ce quiz